[Event "Detroit (Pan Am/3)"]
[Site "?"]
[Date "1992.??.??"]
[Round "?"]
[White "Mackert, C."]
[Black "Iverson, B."]
[Result "1/2-1/2"]
[WhiteElo "1605"]
[BlackElo "1640"]
[PlyCount "58"]
[EventDate "1992.??.??"]

1. c4 Nf6 2. d4 e6 3. Nc3 c5 4. Bg5 h6 5. Bxf6 Qxf6 6. e3 a6 7. g3 b6 8. Bg2
Ra7 9. Rb1 d6 10. d5 e5 11. Qf3 Qd8 12. e4 Nd7 13. h4 Nf6 14. Bh3 Bxh3 15. Nxh3
Qc8 16. Qg2 Be7 17. f3 Nh7 18. Nf2 Nf8 19. h5 g6 20. hxg6 Nxg6 21. Ke2 h5 22.
Rh3 h4 23. Rbh1 Bg5 24. Nd3 Qd8 25. Qf1 Kd7 26. Qf2 Qf6 27. g4 Raa8 28. a4 Rab8
29. Rd1 Nf4+ 1/2-1/2

[Event "Detroit (Pan Am/5)"]
[Site "?"]
[Date "1992.??.??"]
[Round "?"]
[White "Mackert, C."]
[Black "Davy, Erez"]
[Result "0-1"]
[WhiteElo "1605"]
[BlackElo "1740"]
[PlyCount "87"]
[EventDate "1992.??.??"]

1. c4 e6 2. Nf3 Nf6 3. Nc3 Nc6 4. g3 b6 5. Bg2 Bb7 6. e3 Rb8 7. d4 d5 8. cxd5
Nxd5 9. Nxd5 exd5 10. a3 a5 11. Bd2 Be7 12. Qa4 O-O 13. b4 axb4 14. Ne5 Nxe5
15. dxe5 bxa3 16. Bb4 Bxb4+ 17. Qxb4 Ra8 18. Rxa3 Rxa3 19. Qxa3 Qa8 20. Qxa8
Rxa8 21. O-O Kf8 22. Rd1 c6 23. Rb1 b5 24. Rd1 Ra4 25. f4 Ke7 26. Rd4 Rxd4 27.
exd4 b4 28. Bf3 Ba6 29. Kf2 b3 30. Bd1 Bc4 31. Ke3 b2 32. Bc2 Ba2 33. Kd3 b1=Q
34. Bxb1 Bxb1+ 35. Kc3 Be4 36. Kb4 Kd7 37. Kc5 Kc7 38. g4 g6 39. h4 h5 40. gxh5
gxh5 41. Kb4 Kb6 42. Kc3 Kb5 43. Kd2 Kc4 44. Ke3 0-1

[Event "Detroit (MOR/5/107)"]
[Site "?"]
[Date "1992.??.??"]
[Round "?"]
[White "MacLean, C."]
[Black "Thornton, Ivan"]
[Result "1-0"]
[WhiteElo "1605"]
[BlackElo "1605"]
[PlyCount "89"]
[EventDate "1992.??.??"]

{5/(107)} 1. e4 e5 2. Nf3 Nc6 3. Nc3 Bc5 4. Bc4 Qf6 5. Nd5 Qd6 6. a3 Nd4 7. d3
c6 8. Nc3 b5 9. Ba2 b4 10. axb4 Bxb4 11. Ng5 Ne6 12. Qf3 Nf6 13. O-O O-O 14.
Nxe6 fxe6 15. Be3 Nd5 16. Qg3 Bxc3 17. Bxd5 Bxb2 18. Ra2 exd5 19. Rxb2 dxe4 20.
d4 Qa3 21. Rfb1 exd4 22. Bxd4 Qxg3 23. hxg3 d5 24. Bc5 Rf5 25. Rb8 d4 26. Rxa8
Rxc5 27. Rxc8+ Kf7 28. Rb7+ Kg6 29. Rbc7 Ra5 30. Rxc6+ Kf7 31. R8c7+ Kf8 32.
Rd6 Re5 33. Rd8+ Re8 34. Rxe8+ Kxe8 35. Rxa7 Kf8 36. Kf1 h5 37. Ke2 Kg8 38. Rd7
d3+ 39. cxd3 exd3+ 40. Kxd3 Kh7 41. Ke4 Kg6 42. Kf4 Kf6 43. Rd5 g6 44. Rd6+ Kf7
45. Kg5 1-0

[Event "Detroit (MOR/7/101)"]
[Site "?"]
[Date "1992.??.??"]
[Round "?"]
[White "MacLean, C."]
[Black "Spencer, Gordon"]
[Result "0-1"]
[WhiteElo "1605"]
[BlackElo "1605"]
[PlyCount "46"]
[EventDate "1992.??.??"]

{7/(101)} 1. e4 g6 2. Nf3 Bg7 3. d4 d6 4. Bf4 Bg4 5. h3 Bxf3 6. gxf3 Nd7 7. Bc4
e5 8. Be3 Ne7 9. d5 a6 10. a3 O-O 11. Qd2 Re8 12. Bh6 Bh8 13. Nc3 b5 14. Bb3
Rc8 15. Ke2 c6 16. a4 b4 17. Nd1 a5 18. Ne3 c5 19. Ng4 c4 20. Qg5 cxb3 21. cxb3
Rc2+ 22. Ke3 Rxb2 23. Rab1 Qb6+ 0-1

[Event "Detroit (MOR/4/103)"]
[Site "?"]
[Date "1992.??.??"]
[Round "?"]
[White "MacLean, C."]
[Black "Solski, Jeff"]
[Result "0-1"]
[WhiteElo "1605"]
[BlackElo "1605"]
[PlyCount "84"]
[EventDate "1992.??.??"]

{4/(103)} 1. e4 d6 2. d4 Nf6 3. Nc3 g6 4. Nf3 Bg7 5. Bc4 O-O 6. Be3 c6 7. Qd3
a5 8. h3 b5 9. e5 bxc4 10. Qxc4 Ne8 11. d5 dxe5 12. dxc6 Qc7 13. O-O Ba6 14.
Qh4 Bxf1 15. Kxf1 Qxc6 16. Bh6 Qf6 17. Ng5 Bxh6 18. Qxh6 Qg7 19. Qh4 h6 20. Nd5
Nc6 21. Ne4 g5 22. Qh5 Nf6 23. Nexf6+ exf6 24. Ne3 Qg6 25. Qg4 Nd4 26. Nd5 Ra7
27. Rd1 f5 28. Qg3 Qa6+ 29. Rd3 e4 30. Qe5 f6 31. Qxd4 exd3 32. cxd3 Kg7 33.
Ne3 Kg6 34. Nxf5 Qe6 35. g4 Rd7 36. Qc5 Re8 37. h4 gxh4 38. Nxh4+ Kh7 39. Qh5
Rg7 40. Nf5 Rg6 41. Kg2 Rxg4+ 42. Qxg4 Rg8 0-1

[Event "Detroit (MOR/2/75)"]
[Site "?"]
[Date "1992.??.??"]
[Round "?"]
[White "MacLean, C."]
[Black "Griffin, John"]
[Result "0-1"]
[WhiteElo "1605"]
[BlackElo "1640"]
[PlyCount "100"]
[EventDate "1992.??.??"]

{2/(75)} 1. e4 c5 2. Nf3 Nc6 3. Nc3 e6 4. a3 a6 5. Bc4 Nge7 6. d3 b5 7. Bb3 g6
8. e5 Bg7 9. Bf4 Nd4 10. Nxd4 cxd4 11. Ne4 O-O 12. Nf6+ Bxf6 13. exf6 Nd5 14.
Bh6 Re8 15. Bg7 Nxf6 16. Bxf6 Qxf6 17. Qd2 Bb7 18. Rg1 Qe5+ 19. Qe2 Qxe2+ 20.
Kxe2 Rac8 21. Kd2 e5 22. Rae1 Kg7 23. Re2 Re7 24. f4 d6 25. Rf1 f6 26. f5 Rce8
27. Be6 Bc8 28. Bxc8 Rxc8 29. Ref2 g5 30. g3 d5 31. g4 Rec7 32. Rc1 a5 33. Kd1
Ra8 34. Ra1 Rb7 35. Kd2 b4 36. b3 e4 37. Re2 e3+ 38. Ke1 a4 39. Kd1 axb3 40.
cxb3 bxa3 41. Kc2 Rc8+ 42. Kd1 Rxb3 43. Rea2 Rcc3 44. Rc2 Kf7 45. Raa2 Ke7 46.
Ke2 Kd6 47. h3 Rxc2+ 48. Rxc2 Rb2 49. Kd1 Rxc2 50. Kxc2 Ke5 0-1

[Event "Detroit (MI Op/2/40)"]
[Site "?"]
[Date "1992.??.??"]
[Round "?"]
[White "Lubben, Don"]
[Black "Wydryck, Robert"]
[Result "0-1"]
[WhiteElo "1945"]
[BlackElo "1830"]
[PlyCount "79"]
[EventDate "1992.??.??"]

{2/(40)} 1. e4 c5 2. Nf3 Nc6 3. d4 cxd4 4. Nxd4 e5 5. Nb5 d6 6. c4 Be6 7. Be3
Nf6 8. f3 Be7 9. Be2 O-O 10. O-O Ne8 11. N5c3 f5 12. Nd5 Bg5 13. Nbc3 Bxe3+ 14.
Nxe3 Qb6 15. Ncd5 Qc5 16. Kh1 f4 17. Nc2 a5 18. Qd2 Rf7 19. b3 Bxd5 20. Qxd5
Qxd5 21. cxd5 Nb4 22. Na3 Rc7 23. Bc4 Rc5 24. Rf2 Nc7 25. Nc2 b5 26. Nxb4 bxc4
27. Nc6 cxb3 28. axb3 Rb5 29. Rfa2 Rxb3 30. Rxa5 Rxa5 31. Nxa5 Rc3 32. Nc6 Kf8
33. Kg1 Nb5 34. Rb1 Nd4 35. Nxd4 exd4 36. Rd1 d3 37. Kf1 g5 38. g3 Kf7 39. g4
Kf6 40. Ke1 0-1

[Event "Detroit (MI Op/5/33)"]
[Site "?"]
[Date "1992.??.??"]
[Round "?"]
[White "Lubben, Don"]
[Black "Williams, Ron"]
[Result "0-1"]
[WhiteElo "1830"]
[BlackElo "1895"]
[PlyCount "104"]
[EventDate "1992.??.??"]

{5/(33)} 1. e4 c5 2. Nf3 d6 3. c3 Bg4 4. Bb5+ Nd7 5. h3 Bxf3 6. Qxf3 a6 7. Bc4
Ne5 8. Qe2 Nxc4 9. Qxc4 b5 10. Qe2 g6 11. d4 Bg7 12. Be3 cxd4 13. Bxd4 Nf6 14.
O-O O-O 15. Nd2 Qc7 16. f4 e5 17. Be3 Nh5 18. Qf3 exf4 19. Bxf4 Nxf4 20. Qxf4
Be5 21. Qf2 Rae8 22. Nf3 Bg7 23. Rfe1 Qc4 24. Qe2 Qc5+ 25. Kh1 Re7 26. Rad1
Rfe8 27. Qd3 Re6 28. a3 Qh5 29. Qd5 Be5 30. Nxe5 dxe5 31. Rf1 Qg5 32. Qb7 Rf6
33. Rxf6 Qxf6 34. Qd7 Qe6 35. Qd3 f5 36. Qe3 f4 37. Qf3 h5 38. Rd5 Kg7 39. Qd3
Qf6 40. Rd6 Re6 41. Rd7+ Kh6 42. Qd5 f3 43. Qd2+ g5 44. gxf3 Qxf3+ 45. Qg2 Qf4
46. Rd2 Rf6 47. Kg1 g4 48. hxg4 hxg4 49. Re2 Kg5 50. Re1 g3 51. Kh1 Qh4+ 52.
Kg1 Rf2 0-1

[Event "Detroit (MI Op/3/43)"]
[Site "?"]
[Date "1992.??.??"]
[Round "?"]
[White "Lubben, Don"]
[Black "Mitchell, Richard"]
[Result "1-0"]
[WhiteElo "1830"]
[BlackElo "2010"]
[PlyCount "77"]
[EventDate "1992.??.??"]

{3/(43)} 1. e4 c5 2. Nf3 d6 3. c3 Nf6 4. Bb5+ Bd7 5. Qe2 Nc6 6. d4 cxd4 7. cxd4
a6 8. Ba4 Qa5+ 9. Nc3 b5 10. Bb3 b4 11. Nd5 Nxd5 12. exd5 Nd8 13. Bd2 Rc8 14.
a3 Qb6 15. axb4 Bb5 16. Ba4 Nb7 17. O-O g6 18. Rfe1 h6 19. Bxb5+ axb5 20. Rec1
Rxc1+ 21. Rxc1 Bg7 22. Rc6 Qa7 23. Qxb5 O-O 24. Ra6 Qb8 25. Rb6 Qa7 26. Rxb7
Qa1+ 27. Qf1 Qxb2 28. Qc1 Qb3 29. Rxe7 g5 30. h3 Qxd5 31. Rc7 Qf5 32. Qc2 Qd5
33. Be3 Qe6 34. Qc4 d5 35. Qc6 Qf5 36. b5 Rb8 37. Kh2 Bf8 38. Ne5 Qb1 39. Qxd5
1-0

[Event "Ann Arbor (Holiday Op)"]
[Site "?"]
[Date "1992.??.??"]
[Round "?"]
[White "Lovejoy, J."]
[Black "McCarter, Robert"]
[Result "1/2-1/2"]
[WhiteElo "1605"]
[BlackElo "1700"]
[PlyCount "71"]
[EventDate "1992.??.??"]

1. e4 c5 2. Bc4 e6 3. Nc3 a6 4. a3 Nc6 5. Nf3 Qc7 6. d4 cxd4 7. Nxd4 g6 8. O-O
Bg7 9. Nxc6 Qxc6 10. Bd3 Ne7 11. Ne2 d5 12. Ng3 O-O 13. c3 b5 14. Be3 Bb7 15.
Bd4 Rfd8 16. Qg4 dxe4 17. Bxe4 Qc7 18. Bxb7 Qxb7 19. Bxg7 Kxg7 20. Nh5+ Kh8 21.
Nf6 Nd5 22. Qe4 Qe7 23. Nxd5 Rxd5 24. Rad1 Rad8 25. Rd4 Qc7 26. Rfd1 Qe7 27. h3
Rxd4 28. Rxd4 Qc7 29. Rxd8+ Qxd8 30. Qd4+ Qxd4 31. cxd4 Kg7 32. Kf1 Kf6 33. Ke2
Ke7 34. Ke3 Kd6 35. f4 Kd5 36. Kd3 1/2-1/2

[Event "Flint (Class DE/3)"]
[Site "?"]
[Date "1992.??.??"]
[Round "?"]
[White "Lootens, J."]
[Black "Tsuji, J."]
[Result "0-1"]
[WhiteElo "1605"]
[BlackElo "1605"]
[PlyCount "44"]
[EventDate "1992.??.??"]

1. e4 c6 2. f4 d5 3. e5 Bf5 4. d3 e6 5. Nf3 c5 6. d4 Nc6 7. Be3 Qb6 8. b3 Bg4
9. Nbd2 cxd4 10. Bf2 Bb4 11. c4 Nge7 12. a3 Bc3 13. Rb1 a5 14. Ke2 O-O 15. Kd3
Rfd8 16. Be2 Nf5 17. Nf1 Rac8 18. Be1 Nce7 19. Rc1 Qc5 20. Qc2 dxc4+ 21. bxc4
Qxc4+ 22. Ke4 d3+ 0-1

[Event "Flint (Class DE/1)"]
[Site "?"]
[Date "1992.??.??"]
[Round "?"]
[White "Lootens, J."]
[Black "Jubinski, J."]
[Result "1/2-1/2"]
[WhiteElo "1605"]
[BlackElo "1605"]
[PlyCount "99"]
[EventDate "1992.??.??"]

1. e4 e6 2. f4 d5 3. e5 c5 4. d4 a6 5. Be3 Qb6 6. b3 Nc6 7. Nf3 cxd4 8. Nxd4
Bc5 9. c3 Nge7 10. b4 Bxd4 11. Bxd4 Nxd4 12. Qxd4 Qxd4 13. cxd4 Nc6 14. Nc3
Nxd4 15. Rc1 Bd7 16. a4 Rc8 17. Kd1 Ke7 18. b5 axb5 19. Bxb5 Bxb5 20. axb5 Rc5
21. Na4 Rxc1+ 22. Kxc1 Nxb5 23. Kd2 Rc8 24. Kd3 Rc4 25. Rb1 Rxa4 26. Rxb5 Ra7
27. g4 Kd7 28. Rb4 Kc6 29. Kd4 b5 30. f5 Ra4 31. Rxa4 bxa4 32. f6 gxf6 33. exf6
a3 34. Kc3 Kc5 35. Kb3 a2 36. Kxa2 Kc4 37. Kb2 Kd3 38. h4 e5 39. g5 e4 40. h5
e3 41. g6 hxg6 42. hxg6 e2 43. gxf7 e1=Q 44. f8=Q Qc3+ 45. Ka2 Kc2 46. Qa3 Qxf6
47. Qb3+ Kc1 48. Qa3+ Kd2 49. Qa5+ Kc2 50. Qa4+ 1/2-1/2

[Event "East Lansing (MI Am/2)"]
[Site "?"]
[Date "1992.??.??"]
[Round "?"]
[White "Long, Randy"]
[Black "Hayes, Tim"]
[Result "1-0"]
[WhiteElo "1825"]
[BlackElo "1605"]
[PlyCount "45"]
[EventDate "1992.??.??"]

1. e4 c5 2. Nf3 d6 3. d4 cxd4 4. Nxd4 Nf6 5. f3 Nc6 6. c4 Bd7 7. Nc3 a6 8. Be3
g6 9. Qd2 Bg7 10. g4 O-O 11. O-O-O Qc7 12. Nxc6 bxc6 13. Bh6 Rfb8 14. Bxg7 Kxg7
15. h4 Qb6 16. h5 Rh8 17. e5 dxe5 18. h6+ Kf8 19. g5 Bf5 20. gxf6 exf6 21. Qd6+
Ke8 22. c5 Rb8 23. cxb6 1-0

[Event "East Lansing (MI Am/4)"]
[Site "?"]
[Date "1992.??.??"]
[Round "?"]
[White "Long, Randy"]
[Black "Brooks, Brion"]
[Result "0-1"]
[WhiteElo "1825"]
[BlackElo "1765"]
[PlyCount "82"]
[EventDate "1992.??.??"]

1. e4 e6 2. d4 d5 3. exd5 exd5 4. Bd3 Bd6 5. c3 Ne7 6. Qc2 Ng6 7. Be3 O-O 8. h4
f5 9. h5 Nf4 10. Bxf4 Bxf4 11. Ne2 Qg5 12. g3 Bd6 13. Nd2 Nd7 14. f4 Qh6 15.
Bxf5 Nf6 16. Bxc8 Raxc8 17. O-O-O Ng4 18. Qb3 Qe6 19. f5 Rxf5 20. Nf4 Bxf4 21.
gxf4 Nf2 22. Qxb7 Rxf4 23. Rdf1 Rcf8 24. Qxc7 R4f7 25. Qg3 Nxh1 26. Rxh1 Qh6
27. Rh2 Rf4 28. Kc2 Qf6 29. Qe1 Qf5+ 30. Kb3 Rb8+ 31. Ka3 Qf8+ 32. b4 Re8 33.
Qg3 a5 34. Nb3 axb4+ 35. cxb4 Rf3 36. Qg2 Qf4 37. h6 g6 38. Qg1 Ra8+ 39. Kb2
Qe4 40. Nd2 Rxa2+ 41. Kxa2 Qc2+ 0-1

[Event "Detroit (MI Op/2/13)"]
[Site "?"]
[Date "1992.??.??"]
[Round "?"]
[White "Linn, Peter"]
[Black "Williams, Ron"]
[Result "1/2-1/2"]
[WhiteElo "2145"]
[BlackElo "1895"]
[PlyCount "65"]
[EventDate "1992.??.??"]

{2/(13)} 1. c4 Nf6 2. Nc3 g6 3. e4 Bg7 4. g3 d6 5. Bg2 Nbd7 6. Nge2 e5 7. O-O
O-O 8. f4 c6 9. h3 Re8 10. d3 h6 11. f5 Nf8 12. g4 g5 13. Be3 c5 14. Qd2 N8h7
15. Bf3 Nd7 16. Kg2 f6 17. Rh1 Nb6 18. Ng3 Bd7 19. b3 a5 20. a4 Kf7 21. Rh2 Rh8
22. Rah1 Qe7 23. Nh5 Bc6 24. h4 Nd7 25. Rh3 b6 26. R1h2 Rag8 27. Qe1 Nb8 28.
Qh1 Bf8 29. Kf2 Na6 30. Ng3 Nb4 31. Ke2 Nc2 32. hxg5 Nxg5 33. Bxg5 1/2-1/2

[Event "Detroit (MI Op/6/10)"]
[Site "?"]
[Date "1992.??.??"]
[Round "?"]
[White "Linn, Peter"]
[Black "Pence, Mark"]
[Result "1-0"]
[WhiteElo "2145"]
[BlackElo "2095"]
[PlyCount "79"]
[EventDate "1992.??.??"]

{6/(10)} 1. c4 c5 2. Nc3 Nc6 3. Nf3 g6 4. e3 Bg7 5. d4 cxd4 6. exd4 d6 7. Be2
Nf6 8. d5 Nb8 9. O-O O-O 10. h3 a5 11. Be3 Na6 12. a3 Nd7 13. Bd4 Bxd4 14. Nxd4
Nac5 15. b4 axb4 16. axb4 Rxa1 17. Qxa1 Na6 18. Rb1 Re8 19. Ne4 Nf6 20. Nxf6+
exf6 21. Bf3 Kg7 22. Qa4 Bd7 23. Qa5 Qc8 24. Rc1 Re5 25. Nb5 Bxh3 26. Nxd6 Qd7
27. Ne4 Bg4 28. Qb6 Qf5 29. Bxg4 Qxe4 30. Bf3 Qf4 31. Rd1 Qxc4 32. d6 Qc6 33.
Qd4 Qd7 34. Qb6 Rb5 35. Qxb5 Qxb5 36. d7 Qxb4 37. d8=Q Qc5 38. Qd6 b6 39. Bc6
Qb4 40. Bf3 1-0

[Event "Detroit (MI Op/4/7)"]
[Site "?"]
[Date "1992.??.??"]
[Round "?"]
[White "Linn, Peter"]
[Black "Chehayeb, Sal"]
[Result "1/2-1/2"]
[WhiteElo "2145"]
[BlackElo "2070"]
[PlyCount "53"]
[EventDate "1992.??.??"]

{4/(7)} 1. c4 Nf6 2. Nc3 g6 3. e4 d6 4. g3 Bg7 5. Bg2 Nc6 6. Nge2 e5 7. O-O Be6
8. d3 Qd7 9. Nd5 Ne7 10. Bh6 O-O 11. Nxf6+ Bxf6 12. Bxf8 Rxf8 13. Nc3 c6 14.
Rb1 Bg7 15. Ne2 f5 16. exf5 gxf5 17. f4 Rf6 18. b4 Rh6 19. b5 d5 20. bxc6 bxc6
21. Rb8+ Kf7 22. Qb1 e4 23. dxe4 dxe4 24. Rd1 Qc7 25. Qb4 c5 26. Qb5 Bc8 27.
Qb3 1/2-1/2

[Event "Ann Arbor (Holiday Op)"]
[Site "?"]
[Date "1992.??.??"]
[Round "?"]
[White "Lewis, C."]
[Black "Tobias, Philip"]
[Result "1-0"]
[WhiteElo "1605"]
[BlackElo "1605"]
[PlyCount "37"]
[EventDate "1992.??.??"]

1. d4 d5 2. c4 c6 3. cxd5 cxd5 4. Nf3 Nf6 5. g3 Bg4 6. Bg2 Qd7 7. O-O Nc6 8.
Nc3 Bh3 9. Ne5 Nxe5 10. dxe5 Bxg2 11. Kxg2 Ng4 12. Nxd5 Qc6 13. e4 Nxe5 14. Bf4
Qc4 15. f3 Rd8 16. Rc1 Qd3 17. Bxe5 Qxd1 18. Nc7+ Kd7 19. Rfxd1+ 1-0

[Event "Flint (Class B/4)"]
[Site "?"]
[Date "1992.??.??"]
[Round "?"]
[White "Lewis, C."]
[Black "Swartz, J."]
[Result "0-1"]
[WhiteElo "1680"]
[BlackElo "1605"]
[PlyCount "104"]
[EventDate "1992.??.??"]

1. d4 Nf6 2. c4 g6 3. Nc3 Bg7 4. e4 d6 5. Nf3 O-O 6. Be2 Re8 7. O-O c6 8. Re1
Nbd7 9. b3 e5 10. d5 Nc5 11. Qc2 cxd5 12. cxd5 a6 13. b4 Ncd7 14. a4 Nh5 15.
Bg5 f6 16. Be3 Nf4 17. a5 Nxe2+ 18. Qxe2 Nf8 19. Bb6 Qd7 20. Rec1 g5 21. Nd1
Ng6 22. Rc7 Nf4 23. Qf1 Qg4 24. Ne3 Nh3+ 25. Kh1 Qxe4 26. gxh3 Qxf3+ 27. Qg2
Qxh3 28. Rg1 Qxg2+ 29. Rxg2 Bf8 30. Ng4 Bxg4 31. Rxg4 Re7 32. Rgc4 Rxc7 33.
Rxc7 f5 34. Rxb7 f4 35. Kg2 e4 36. Ra7 Rc8 37. Rxa6 Rc2 38. Ra7 e3 39. Kf1 e2+
40. Ke1 f3 41. Rc7 Rb2 42. Rc1 Rxb4 43. Kd2 g4 44. Kc3 Rb5 45. Kc4 Rb2 46. Kc3
Bg7+ 47. Bd4 Bxd4+ 48. Kxd4 Rd2+ 49. Ke3 Rd1 50. Rc8+ Kf7 51. Rc7+ Kg6 52. Kf4
h5 0-1

[Event "Detroit (MOR/4/83)"]
[Site "?"]
[Date "1992.??.??"]
[Round "?"]
[White "Lewis, C."]
[Black "Stockton, T."]
[Result "1-0"]
[WhiteElo "1610"]
[BlackElo "1605"]
[PlyCount "39"]
[EventDate "1992.??.??"]

{4/(83)} 1. d4 d5 2. c4 Nc6 3. Nc3 dxc4 4. e3 e5 5. d5 Na5 6. Qa4+ c6 7. dxc6
Nxc6 8. Bxc4 Nf6 9. Nf3 Bd7 10. Ng5 Qc7 11. Bxf7+ Ke7 12. Bh5 g6 13. Be2 h6 14.
Nge4 Qa5 15. Nxf6 Qxa4 16. Nfd5+ Kd6 17. Nxa4 Kxd5 18. O-O b6 19. Rd1+ Ke6 20.
Bg4+ 1-0

[Event "Detroit (MOR/5/71)"]
[Site "?"]
[Date "1992.??.??"]
[Round "?"]
[White "Lewis, C."]
[Black "Smeltzer, P."]
[Result "1-0"]
[WhiteElo "1610"]
[BlackElo "1605"]
[PlyCount "85"]
[EventDate "1992.??.??"]

{5/(71)} 1. d4 Nf6 2. c4 e6 3. Nf3 Be7 4. Nc3 d5 5. e3 Bb4 6. Bd2 Nc6 7. Bd3
dxc4 8. Bxc4 O-O 9. O-O a5 10. Qc2 Bd6 11. a3 b6 12. Bd3 Ne7 13. Ne4 Bb7 14.
Nxf6+ gxf6 15. Bxh7+ Kg7 16. Be4 c6 17. Bc3 Qc7 18. g3 Rh8 19. b4 Rag8 20. Ne1
Kf8 21. d5 e5 22. dxc6 Bc8 23. bxa5 bxa5 24. Rb1 f5 25. Bf3 Rh6 26. e4 f4 27.
Qd2 Nxc6 28. Rc1 Ba6 29. Be2 Bxe2 30. Qxe2 Nd4 31. Qd1 Qb7 32. Bxd4 exd4 33.
Qxd4 f5 34. e5 Be7 35. Qxf4 Rxh2 36. Qxf5+ Kg7 37. Nf3 Rhh8 38. Kg2 Qb6 39. e6
Rh6 40. Qf7+ Kh8 41. Qxe7 Rxe6 42. Rh1+ Rh6 43. Rxh6+ 1-0

[Event "Detroit (MOR/2/84)"]
[Site "?"]
[Date "1992.??.??"]
[Round "?"]
[White "Lewis, C."]
[Black "Mitchell, C."]
[Result "1-0"]
[WhiteElo "1610"]
[BlackElo "1605"]
[PlyCount "83"]
[EventDate "1992.??.??"]

{2/(84)} 1. d4 d5 2. c4 e6 3. Nf3 Nf6 4. Bg5 Bb4+ 5. Bd2 Bxd2+ 6. Nbxd2 Nbd7 7.
e3 c5 8. cxd5 exd5 9. dxc5 Nxc5 10. Qc2 Nce4 11. Bb5+ Bd7 12. Bxd7+ Qxd7 13.
Nxe4 dxe4 14. Rd1 Qe7 15. Qa4+ Nd7 16. Nd4 O-O 17. Nf5 Qf6 18. Qxd7 Rfd8 19.
Ne7+ Kf8 20. Qa4 Qxe7 21. O-O Rxd1 22. Rxd1 Rd8 23. Rxd8+ Qxd8 24. g3 Qb6 25.
Qd7 g6 26. b3 Qc6 27. Qd8+ Qe8 28. Qc7 Qe7 29. Qb8+ Kg7 30. Qxa7 Qc7 31. a4 Qc6
32. b4 b5 33. axb5 Qxb5 34. Qa5 Qb8 35. b5 Kf8 36. b6 Ke8 37. Qa7 Qd6 38. Qa8+
Kd7 39. Qb7+ Kd8 40. Kg2 f5 41. Qa8+ Kd7 42. b7 1-0

[Event "Ann Arbor (HVA/1/18)"]
[Site "?"]
[Date "1992.??.??"]
[Round "?"]
[White "Lewis, C."]
[Black "McKinney, D."]
[Result "1-0"]
[WhiteElo "1680"]
[BlackElo "1605"]
[PlyCount "31"]
[EventDate "1992.??.??"]

{1/(18)} 1. d4 Nf6 2. c4 e6 3. Nf3 b6 4. Bg5 Bb7 5. Nbd2 d5 6. cxd5 Bxd5 7. e4
Bb7 8. e5 h6 9. exf6 gxf6 10. Bh4 Bxf3 11. Qxf3 Qxd4 12. Bxf6 e5 13. Bb5+ c6
14. Bxc6+ Nxc6 15. Qxc6+ Qd7 16. Qxa8+ 1-0

[Event "Flint (Class B/2)"]
[Site "?"]
[Date "1992.??.??"]
[Round "?"]
[White "Lewis, C."]
[Black "Griffin, John"]
[Result "0-1"]
[WhiteElo "1680"]
[BlackElo "1630"]
[PlyCount "156"]
[EventDate "1992.??.??"]

1. d4 d5 2. c4 e6 3. Nc3 Nf6 4. Nf3 b6 5. Bg5 Be7 6. e3 O-O 7. Rc1 Bb7 8. Be2
h6 9. Bh4 Nbd7 10. O-O c5 11. Qc2 Rc8 12. Bg3 dxc4 13. Nb5 a6 14. Nd6 Bxd6 15.
Bxd6 Re8 16. dxc5 Nxc5 17. Rfd1 Ncd7 18. Ne5 b5 19. Bf3 Qb6 20. Bxb7 Qxb7 21.
Qe2 Rcd8 22. Rd4 Nxe5 23. Bxe5 Rxd4 24. exd4 Nd5 25. Qf3 Qd7 26. Qg3 f6 27. Bd6
Ne7 28. Bc5 Nf5 29. Qg4 Qd5 30. Rd1 Ne7 31. Re1 Nc6 32. Re3 e5 33. Qg6 Rd8 34.
Rg3 Qf7 35. Qxh6 Nxd4 36. Kf1 Nf5 37. Qh3 Nxg3+ 38. Qxg3 Qd5 39. Qe3 Qd3+ 40.
Qxd3 Rxd3 41. Ke2 Rd5 42. Bb4 Kf7 43. h4 g6 44. g3 Ke6 45. a3 Rd8 46. f3 Rh8
47. Ke3 f5 48. f4 exf4+ 49. Kxf4 Rd8 50. Kg5 Kf7 51. g4 fxg4 52. Kxg4 Rd5 53.
Bc3 Rd3 54. h5 gxh5+ 55. Kxh5 Ke6 56. Kg4 Kd5 57. Kf4 Kc5 58. Bb4+ Kb6 59. Be1
a5 60. Ke4 Rd1 61. Bf2+ Kc6 62. Bd4 b4 63. axb4 axb4 64. Bg7 Kb5 65. Ke3 Ka4
66. Ke2 Rd7 67. Bf8 Kb3 68. Bc5 Kxb2 69. Bxb4 c3 70. Bxc3+ Kxc3 71. Ke3 Rd4 72.
Kf3 Kd3 73. Kg3 Ke3 74. Kh3 Kf3 75. Kh2 Rg4 76. Kh1 Kf2 77. Kh2 Rg3 78. Kh1
Rh3# 0-1

[Event "Ann Arbor (Holiday Op)"]
[Site "?"]
[Date "1992.??.??"]
[Round "?"]
[White "Lewis, C."]
[Black "Carrara, W."]
[Result "0-1"]
[WhiteElo "1605"]
[BlackElo "1735"]
[PlyCount "80"]
[EventDate "1992.??.??"]

1. d4 c5 2. dxc5 e6 3. Nf3 Bxc5 4. g3 d5 5. b3 Nf6 6. Bb2 b6 7. Bg2 O-O 8. O-O
Bb7 9. Nbd2 Nbd7 10. Rc1 Rc8 11. a3 a5 12. c3 Qe7 13. b4 Bd6 14. Nd4 Ba6 15. b5
Bb7 16. a4 Ne5 17. Qb3 Nc4 18. Nxc4 dxc4 19. Qc2 Bxg2 20. Kxg2 Rc5 21. Nc6 Qb7
22. Rcd1 Nd5 23. Qe4 Rxc6 24. bxc6 Qxc6 25. Kg1 Qxa4 26. Qf3 Be7 27. e4 Nf6 28.
Bc1 h6 29. Be3 Qc6 30. Rfe1 b5 31. Bd4 a4 32. Qe2 a3 33. Ra1 Ra8 34. Qc2 Nd7
35. Ra2 Nc5 36. e5 Nb3 37. Re4 Rd8 38. Be3 Rd3 39. Qe2 Qxe4 40. Kf1 Qh1# 0-1

[Event "Detroit (MOR/7/69)"]
[Site "?"]
[Date "1992.??.??"]
[Round "?"]
[White "Lewis, C."]
[Black "Burke, David"]
[Result "1/2-1/2"]
[WhiteElo "1610"]
[BlackElo "1605"]
[PlyCount "85"]
[EventDate "1992.??.??"]

{7/(69)} 1. d4 Nf6 2. c4 e6 3. Nf3 Nc6 4. Nc3 d5 5. e3 Bb4 6. Bd2 O-O 7. a3
Bxc3 8. Bxc3 Re8 9. Bd3 b6 10. Qc2 dxc4 11. Bxc4 Bb7 12. Ne5 Nxe5 13. dxe5 Bxg2
14. Rg1 Be4 15. Qe2 Nd5 16. Rd1 Qh4 17. Bxd5 Bxd5 18. Rd4 Qxh2 19. Rdg4 g6 20.
e4 Bb3 21. Qf3 Rad8 22. Bd2 Bc2 23. Qf6 Rd7 24. Rxg6+ hxg6 25. Rxg6+ fxg6 26.
Qxg6+ Rg7 27. Qxe8+ Kh7 28. Ke2 Qh1 29. f3 c5 30. Qxe6 Rg2+ 31. Ke3 Qh6+ 32.
Qxh6+ Kxh6 33. f4 Kg6 34. f5+ Kf7 35. Bc3 Ke7 36. Kf3 Rg1 37. e6 a5 38. Kf4 Bb3
39. Ke5 Rf1 40. Bd2 a4 41. Bg5+ Ke8 42. f6 Bc4 43. f7+ 1/2-1/2

[Event "Ann Arbor (HVA/3/12)"]
[Site "?"]
[Date "1992.??.??"]
[Round "?"]
[White "Lewis, C."]
[Black "Bolsen, J."]
[Result "0-1"]
[WhiteElo "1680"]
[BlackElo "1605"]
[PlyCount "54"]
[EventDate "1992.??.??"]

{3/(12)} 1. d4 d5 2. c4 c6 3. Nc3 Nf6 4. a4 Bf5 5. Qb3 b6 6. a5 Nbd7 7. axb6
axb6 8. Rxa8 Qxa8 9. cxd5 cxd5 10. Nf3 Qa1 11. Qd1 e6 12. Bd2 Qxb2 13. e3 Bb4
14. Nb5 O-O 15. Be2 Bc2 16. Bc3 Bxc3+ 17. Nxc3 Bxd1 18. Nxd1 Qb4+ 19. Kf1 Rc8
20. g3 Rc2 21. Bd3 Ra2 22. Kg2 Qb3 23. Bb1 Ra1 24. Nd2 Qb4 25. Bc2 Qxd2 26. Bb3
Ne4 27. Rf1 Nc3 0-1

[Event "Detroit (Pan Am/1)"]
[Site "?"]
[Date "1992.??.??"]
[Round "?"]
[White "Levadi, David"]
[Black "Ryan, Bob"]
[Result "1-0"]
[WhiteElo "1995"]
[BlackElo "1605"]
[PlyCount "79"]
[EventDate "1992.??.??"]

1. Nf3 c5 2. g3 Nc6 3. Bg2 d6 4. d4 d5 5. O-O Nf6 6. c3 Nd7 7. Nbd2 e6 8. e4
Be7 9. exd5 exd5 10. dxc5 Nxc5 11. Nb3 Nxb3 12. Qxb3 O-O 13. Rd1 Qc7 14. Bf4
Bd6 15. Bxd6 Qxd6 16. Qxd5 Qf6 17. Qg5 Qxg5 18. Nxg5 Ne5 19. h3 h6 20. Ne4 Rb8
21. b3 b6 22. f4 Ng6 23. Rd4 Ne7 24. Nd6 Nf5 25. Nxf5 Bxf5 26. c4 Rbd8 27. Rad1
Rxd4 28. Rxd4 Bb1 29. Rd2 Re8 30. Kf2 a5 31. a3 Bf5 32. g4 Be4 33. Re2 Bc6 34.
Bxc6 Rxe2+ 35. Kxe2 g6 36. b4 Kf8 37. c5 Ke7 38. cxb6 Kd8 39. bxa5 Kc8 40. a6
1-0

[Event "Detroit (Pan Am/6)"]
[Site "?"]
[Date "1992.??.??"]
[Round "?"]
[White "Levadi, David"]
[Black "Roberts, Kenneth"]
[Result "1-0"]
[WhiteElo "1995"]
[BlackElo "1770"]
[PlyCount "111"]
[EventDate "1992.??.??"]

1. Nc3 e6 2. e4 d5 3. f4 Nf6 4. e5 Nfd7 5. Nf3 a6 6. g3 c5 7. Bg2 Nc6 8. O-O
Be7 9. Kh1 h5 10. Qe2 h4 11. gxh4 Bxh4 12. Kg1 g6 13. Nd1 b5 14. c3 Bb7 15. Nf2
Qe7 16. d4 Bxf2+ 17. Rxf2 cxd4 18. cxd4 Qb4 19. Be3 Nb6 20. b3 Qf8 21. a4 bxa4
22. bxa4 a5 23. Qb5 Qb4 24. Rb2 Qxb5 25. Rxb5 Nc4 26. Rxb7 Nxe3 27. Rc1 Nd8 28.
Rb5 O-O 29. Nd2 Nf5 30. Nb3 Re8 31. Bh3 Nh4 32. Kf2 Ra6 33. Rc8 Rc6 34. Rbb8
Rxc8 35. Rxc8 Kf8 36. Nxa5 Ke7 37. Rc7+ Kf8 38. Kg3 Nf5+ 39. Bxf5 gxf5 40. Nb3
Re7 41. Rxe7 Kxe7 42. Kh4 Kf8 43. Kg5 Kg7 44. a5 Nc6 45. a6 Na7 46. h4 Nc6 47.
h5 Na7 48. Na5 Nb5 49. Nc6 Nc7 50. a7 Na8 51. h6+ Kh7 52. Ne7 Nc7 53. Nc6 Na8
54. Nd8 Nc7 55. Nxf7 Ne8 56. a8=N 1-0